| 000 | 00892cam a2200265 4500 | ||
|---|---|---|---|
| 001 | 28344 | ||
| 005 | 20230410105520.0 | ||
| 008 | 710211s1971 nyu b 001 0 eng | ||
| 035 | _9(DLC) 73116198 | ||
| 035 | _a309647 | ||
| 010 | _a 73116198 | ||
| 040 |
_aDLC _cDLC _dDLC |
||
| 050 | 1 | 4 |
_aHC 59.7 _bE19 1971 |
| 082 | 0 | 0 | _a301.3/4 |
| 245 | 1 | 0 |
_aEconomic development and social change : _bthe modernization of village communities / _cedited by George Dalton. |
| 260 |
_aGarden City, N.Y., _bThe American Museum of Natural History : _bThe Natural History Press, _c1971. |
||
| 300 |
_avi, 664 p. _c22 cm. |
||
| 440 | 0 | _aAmerican museum sourcebooks in anthropology | |
| 504 | _aBibliography: p. [619]-651. | ||
| 650 | 0 |
_aEconomic history _y1945-1971. |
|
| 650 | 0 |
_aSocial history _y1960-1970. |
|
| 650 | 0 | _aVillage communities. | |
| 700 | 1 |
_aDalton, George, _eed. |
|
| 942 |
_2lcc _cbk |
||
| 999 |
_c38318 _d38318 |
||